000 01142 a2200217 4500
001 63721
005 20260407155935.0
008 260407a2025 arg spa d
003 AR-UNSa-BCEJYS
040 _aAR-UNSa-BCEJYS
_bspa
_cAR-UNSa-BCEJYS
080 _a343.54
_xDelitos contra las buenas costumbres, la familia y la moralidad (Abusos deshonestos. Rapto. Delitos sexuales contra disminuidos psíquicos. Abuso de la tutela. (Acoso sexual))
245 1 0 _aAbuso sexual en las infancias y adolescencias
_pAbordaje psicológico y legal
264 1 _aMendoza :
_b[s.e.]
_c2025
300 _a180 p.
_c21 cm.
505 _a1. Maltrato infantil – 2. El abuso sexual – 3. Abuso s3xual infantil – 4. Medidas prácticas para actuar ante la sospecha – 5. Normativa legal. Su problemática – 6. La cámara gesell – 7. Referencias jurídicas relevantes – 8. Estudios neurológicos sobre abusadores –
041 _aspa
942 _cBK
590 _aniveau_biblio:m niveau_hierar:0
100 1 _aBenaroya, Sergio Gustavo
856 4 1 _uhttps://www.biblioeco.unsa.edu.ar/pmb/images/libros/L129428.jpg
_yImagen de portada
_qimage/jpeg
999 _c8281
_d8281